O Inverno é o tempo já velho (Registo nº 3849)

Detalhes MARC
000 -Etiqueta do registo
Cabeçalho 00650cam0a2200229 i 4500
005 - Identificador da versão
Campo de controlo 20240813122046.0
100 ## - Dados gerais de processamento
Dados gerais de processamento 20101018d1981 d y0pory5003 ba
102 ## - Pais de publicação ou produção
País de publicação Portugal
101 0# - Língua de publicação
Língua do texto, banda sonora, etc. Português
215 ## - Descrição física 
Indicação específica da natureza do documento e extensão da espécie [30] p. : muito il
200 1# - Titulo e menção de responsabilidade
Título próprio O Inverno é o tempo já velho
Primeira menção de responsabilidade Maria Isabel César Anjo
Outras menções de responsabilidade il. Maria Keil
225 1# - Colecção 
Título próprio da colecção Ler e Reler
Informação de outro título da colecção  Cisne Branco
205 ## - Menção da edição
Menção da edição 2ª ed.
210 ## - Publicação, Distribuição, etc. 
Lugar da edição, distribuição, etc. Lisboa
Nome do editor, distribuidor, etc. Sá da Costa Editora
Data da publicação, distribuição, etc. 1981
606 ## - Nome comum usado como assunto
Número de registo de entrada de autoridade 0000297
Palavra de ordem Estações do Ano
675 ## - Classificação Decimal Universal (CDU)
Notação 821.134.3-1
Língua da edição por
701 #1 - Nome de autor-pessoa física (co-responsabilidade principal)
Palavra de ordem Keil
Outra parte do nome não tomada para palavra de ordem Maria
Código de função Ilustrador / Técnico de desenho computorizado
700 #1 - Nome de autor-pessoa física (responsabilidade principal)
Número de registo de entrada de autoridade 0000298
Palavra de ordem Anjo
Outra parte do nome não tomada para palavra de ordem Maria Isabel César
942 ## - Elementos de entrada adicionados (Koha)
Tipo de item no Koha Livro
Exemplares
Situação do levantamento Origin of item (home branch) (coded) Biblioteca de empréstimo Código de barras Cota Circulation type (not for loan) Tipo de documento Nota do exemplar Damaged status
  Biblioteca Escolar das Vendas Biblioteca Escolar das Vendas BEV205 8POR ANJ   Livro Sem mensagem  
  Biblioteca Escolar das Vendas Biblioteca Escolar das Vendas BEV208     Livro Sem mensagem